Сборник результатов измерений гамма-излучения, возникающего при захвате тепловых нейтронов (Запись № 7419817)

Подробности
000 -МАРКЕР
контрольное поле 01416nam1a22002891i 4500
001 - ИДЕНТИФИКАТОР ЗАПИСИ
контрольное поле rc\3707150
005 - ИДЕНТИФИКАТОР ВЕРСИИ
контрольное поле 20240726045215.0
035 ## - ДРУГИЕ СИСТЕМНЫЕ НОМЕРА
Идентификатор записи (NLR Aleph) 007766234
100 ## - ДАННЫЕ ОБЩЕЙ ОБРАБОТКИ
Данные общей обработки 20130115g19691970|||y0rusy50 ca
101 1# - ЯЗЫК РЕСУРСА
Язык текста, звукозаписи и т.д. русский
Язык оригинала не определено
102 ## - СТРАНА ПУБЛИКАЦИИ ИЛИ ПРОИЗВОДСТВА
Страна публикации Российская Федерация
105 ## - ПОЛЕ КОДИРОВАННЫХ ДАННЫХ: ТЕКСТОВЫЕ МАТЕРИАЛЫ, МОНОГРАФИЧЕСКИЕ
Кодированные данные о монографическом текстовом документе y z |||||
200 1# - ЗАГЛАВИЕ И СВЕДЕНИЯ ОБ ОТВЕТСТВЕННОСТИ
Основное заглавие Сборник результатов измерений гамма-излучения, возникающего при захвате тепловых нейтронов
Сведения, относящиеся к заглавию В 3 ч.]
-- Ч. 1-3
Первые сведения об ответственности Г.А. Бартоломью, А. Довейка, К.М. Иствуд [и др.
210 ## - ПУБЛИКАЦИЯ, РАСПРОСТРАНЕНИЕ И ДР.
Место издания, распространения и т.д. Москва
Имя издателя, распространителя и т. д. Атомиздат
Дата издания, распространения и т.д. 1969-1970
215 ## - ФИЗИЧЕСКАЯ ХАРАКТЕРИСТИКА
Специфическое обозначение материала и объем 3 т.
Размеры 28
300 ## - ОБЩИЕ ПРИМЕЧАНИЯ
Текст примечания На тит. л. и обл. только загл. журн. на рус. яз.: "Ядерные данные. Журнал, посвящ. обзору и оценке эксперим. и теорет. данных в ядерной физике"
300 ## - ОБЩИЕ ПРИМЕЧАНИЯ
Текст примечания Описано по 1-й с. текста
300 ## - ОБЩИЕ ПРИМЕЧАНИЯ
Текст примечания Пер. из журн.: Nuclear data, section A, № 3 (1967), А5, № 1-2 (1968), А5, № 3-4 (1969) с сохранением паг. журн.
512 0# - ЗАГЛАВИЕ ОБЛОЖКИ
Заглавие обложки Ядерные данные
701 #1 - ИМЯ ЛИЦА - АЛЬТЕРНАТИВНАЯ ОТВЕТСТВЕННОСТЬ
Начальный элемент ввода Довейка
Часть имени, кроме начального элемента ввода А.
701 #1 - ИМЯ ЛИЦА - АЛЬТЕРНАТИВНАЯ ОТВЕТСТВЕННОСТЬ
Начальный элемент ввода Иствуд
Часть имени, кроме начального элемента ввода К.М.
701 #1 - ИМЯ ЛИЦА - АЛЬТЕРНАТИВНАЯ ОТВЕТСТВЕННОСТЬ
Начальный элемент ввода Бартоломью
Часть имени, кроме начального элемента ввода Г.А.
801 #0 - ИСТОЧНИК ЗАПИСИ
Страна Российская Федерация
Организация NLR
Правила каталогизации psbo
801 #1 - ИСТОЧНИК ЗАПИСИ
Страна Российская Федерация
Организация ELAR
Источник данных rusmarc
852 ## - МЕСТОНАХОЖДЕНИЕ И ШИФР ХРАНЕНИЯ
Идентификатор организации NLR
Шифр хранения (Call Number) 69-8/1641
942 ## - ДОПОЛНИТЕЛЬНЫЕ ЭЛЕМЕНТЫ ЗАПИСИ (АБИС)
Тип экземпляра АБИС Книга

Нет доступных экземпляров.